[Event "TCh-CZE 2001-2"]
[Site "CZE"]
[Date "2002.01.13"]
[Round "7"]
[White "Cech,P"]
[Black "Petran,Pe"]
[Result "1/2-1/2"]
[WhiteElo "2327"]
[BlackElo "2370"]

1.d4 g6 2.e4 Bg7 3.Nc3 d6 4.Be3 c6 5.Qd2 b5 6.Bd3 Nd7 7.a4 b4 8.Nce2 a5 9.Nf3 e5
10.Rd1 Ngf6 11.Bh6 O-O 12.O-O Re8 13.Bxg7 Kxg7 14.Ng3 Nb6 15.dxe5 dxe5 16.Qe3 Qc7
17.b3 Bg4 18.Rde1 Bxf3 19.Qxf3 Nbd7 20.h4 h5 21.Qe3 Nh7 22.Bc4 Ndf6 23.Qc5 Nd7
24.Qe3 Qb6 25.Rd1 Qxe3 26.fxe3 Ndf6 27.Rd6 Rac8 28.Rfd1 Rc7 29.Kf2 Ng4+ 30.Kf3 Nhf6
31.Nf1 Kf8 32.g3 Ke7 33.R1d2 Nd7 34.Rd1 Nc5 35.R6d2 Nf6 36.Bd3 Rd7 37.Re1 Red8
38.Red1 Rd6 39.Bc4 Nfxe4 40.Rxd6 Nxd6 41.Be2 f5 42.Nd2 Nce4 43.Nxe4 Nxe4
44.Rxd8 Kxd8 45.Bd3 Nd6 46.e4 Ke7 47.exf5 Nxf5 48.g4 hxg4+ 49.Kxg4 Kf6 50.Be4 c5
51.Bd3 Nd6 52.Ba6 Kg7 53.Kg5 Nf7+ 54.Kg4 Nd6 55.Kg5 Ne4+ 56.Kg4 Kh6 57.Bb7 Nf6+
58.Kg3 g5 59.hxg5+ Kxg5 60.Kf3 Ne8 61.Be4 Nd6 62.Bd3 Kf6 63.Ke3 Ke6 64.Bh7 c4
65.Bg8+ Kd7 66.Bd5 Kc7 67.Bg8 Kc6 68.Bh7 Kc5 69.Bg8 c3 70.Be6 Kc6 71.Bg8 Nf5+
72.Kd3 Kc5 73.Bh7 Nd4 74.Ke3 Kd5 75.Bd3 Kd6 76.Bh7 Ne6 77.Be4 Nc5 78.Bh7 Ke7
79.Kf3 Kf6 80.Ke3 Kg5 81.Kf3 Nd7 82.Be4 Nf6 83.Bb7 Ne8 84.Bc6 Nd6 85.Bd7 Nb7
86.Bc6 Nc5 87.Bd5 Kf5 88.Bg8 Nd7 89.Bh7+ Kg5 90.Bg8 e4+ 91.Ke3  1/2-1/2

[Event "7th Hotel"]
[Site "Opatija CRO"]
[Date "2002.01.13"]
[Round "9"]
[White "Topalovic,Z"]
[Black "Dumpor,A"]
[Result "1/2-1/2"]
[WhiteElo "2223"]
[BlackElo "2328"]

1.e4 d6 2.d4 g6 3.Nc3 Bg7 4.Be3 c6 5.Qd2 b5 6.Bd3 e5 7.Nf3 Nd7 8.d5 b4 9.dxc6 bxc3
10.cxd7+ Bxd7 11.Qxc3 Ne7 12.O-O  1/2-1/2

[Event "TCh-ISR"]
[Site "ISR"]
[Date "2002.01.18"]
[Round "2"]
[White "Blodstein,A"]
[Black "Chernomordik,P"]
[Result "0-1"]
[WhiteElo "2316"]
[BlackElo "2260"]

1.e4 g6 2.d4 Bg7 3.Nc3 d6 4.Be3 c6 5.Qd2 b5 6.f3 Qa5 7.Nge2 Nd7 8.Nc1 Qc7
9.Be2 Nb6 10.O-O Nf6 11.Rd1 O-O 12.Bh6 Bb7 13.Bxg7 Kxg7 14.Kh1 Rfd8 15.Nd3 Nc4
16.Qc1 Qb6 17.a4 Qxd4 18.axb5 cxb5 19.Nxb5 Qb6 20.Na3 Nxa3 21.Rxa3 Rdc8 22.Qd2 Nd7
23.Rda1 Rc7 24.Rb3 Qc6 25.Bf1 Nb6 26.Nb4 Qc5 27.Na6 Bxa6 28.Rxa6 Rac8 29.Bd3 Qd4
30.Rb4 Rxc2 31.Rxd4 Rc1+  0-1

[Event "Cup"]
[Site "Kali HUN"]
[Date "2002.01.18"]
[Round "1"]
[White "Fodre,S"]
[Black "Resika,N"]
[Result "1-0"]
[WhiteElo "2207"]
[BlackElo "2241"]

1.e4 d6 2.d4 g6 3.Nc3 Bg7 4.Nf3 a6 5.a4 b6 6.Bc4 Bb7 7.Qe2 e6 8.O-O Nd7 9.Re1 Ne7
10.Bf4 O-O 11.Rad1 Nf6 12.Qd2 Qd7 13.Bh6 d5 14.Bxg7 Kxg7 15.Ne5 Qe8 16.exd5 Nexd5
17.Nxd5 Nxd5 18.Ng4 Qd8 19.Qh6+ Kh8 20.Rd3 Rg8 21.Rh3 Rg7 22.c3 Nf6 23.Ne5 Ne4
24.Bd3 Nd6 25.Rg3 Qf6 26.Ng4 Qd8 27.Qf4 Nf5 28.Rh3 Qd6 29.Qg5 c5 30.Nf6 cxd4
31.Bxf5 exf5 32.Qh4 h5 33.Qxh5+  1-0

[Event "Cup"]
[Site "Kali HUN"]
[Date "2002.01.19"]
[Round "2"]
[White "Kosztolanczi,G"]
[Black "Czebe,A"]
[Result "0-1"]
[WhiteElo "2192"]
[BlackElo "2489"]

1.e4 g6 2.d4 Bg7 3.Nc3 d6 4.f4 Nc6 5.Be3 Nf6 6.h3 e6 7.Bd3 a6 8.Nf3 b5 9.O-O Bb7
10.e5 Nd7 11.exd6 cxd6 12.d5 exd5 13.Nxd5 O-O 14.c3 Re8 15.Bc2 Na5 16.Bf2 Nc4
17.Rb1 Nf6 18.Nxf6+ Qxf6 19.Qc1 Bxf3 20.Bd4 Qh4 21.Rxf3 Bxd4+ 22.cxd4 Rac8
23.Kh2 b4 24.f5 Qxd4 25.f6 Nd2 26.Rg3 Nxb1 27.Qxb1 Qxf6 28.Bb3 Kg7 29.Qd3 a5
30.Qd5 Rc5 31.Qb7 Re7 32.Qb6 Qf4  0-1

[Event "Cup"]
[Site "Kali HUN"]
[Date "2002.01.19"]
[Round "3"]
[White "Horvath,Im"]
[Black "Resika,N"]
[Result "0-1"]
[WhiteElo "2284"]
[BlackElo "2241"]

1.e4 g6 2.d4 Bg7 3.Nc3 d6 4.Bc4 Nf6 5.Qe2 Nc6 6.Nf3 O-O 7.h3 Nd7 8.Be3 Nb6
9.Bb3 Na5 10.O-O e6 11.e5 Nxb3 12.axb3 Nd5 13.Bg5 f6 14.exf6 Nxf6 15.Ne4 Qd7
16.Rfe1 Nxe4 17.Qxe4 Qb5 18.Qh4 Bd7 19.Bh6 Bxh6 20.Qxh6 Rxf3 21.gxf3 Qf5
22.c4 Qxf3 23.Qe3 Qf5 24.Qe4 Qxe4 25.Rxe4 a6 26.b4 Rf8 27.Ra3 Rf5 28.Ree3 Rf4
29.Rad3 Kg7 30.b3 g5 31.Rg3 h6 32.Rg4 e5 33.Rxf4 exf4 34.Kg2 Bf5 35.Rd2 Be4+
36.f3 Bc6 37.d5 Bd7 38.Re2 Kf6 39.Re4 Kf7 40.h4 Bf5 41.Rd4 Bc2 42.h5 Bxb3
43.Re4 b5 44.cxb5 axb5 45.Re6 Bxd5 46.Rxh6 g4 47.Rh7+ Kf6 48.Rxc7 Bxf3+ 49.Kf2 Kg5
50.Rd7 Kxh5 51.Rxd6 Ba8 52.Rd8 g3+ 53.Kg1 Bc6 54.Rd6 Bf3 55.Rd8 Kg4 56.Rg8+ Kf5
57.Rb8 Be2 58.Kg2 Bc4 59.Rd8 Kg4 60.Rd4  0-1

[Event "90th LSK Metalka Trgovina"]
[Site "Ljubljana SLO"]
[Date "2002.01.19"]
[Round "1"]
[White "Pavasovic,D"]
[Black "Volokitin,A"]
[Result "1-0"]
[WhiteElo "2547"]
[BlackElo "2586"]

1.e4 g6 2.d4 Bg7 3.Nc3 d6 4.g3 Nf6 5.Bg2 O-O 6.Nge2 e5 7.h3 Nc6 8.Be3 Bd7
9.O-O b5 10.Nxb5 Rb8 11.dxe5 Nxe5 12.Nbc3 Rxb2 13.Bxa7 Qc8 14.Bd4 Bxh3 15.Nd5 Nxd5
16.Bxb2 Nb6 17.Bxh3 Qxh3 18.Nf4 Qh6 19.Kg2 Na4 20.Bc1 Qg5 21.Ne6 Qf6 22.Nxf8 Nc3
23.Nd7 Nxd7 24.Qf3 Qd4 25.Bb2 Qb4 26.Bxc3 Bxc3 27.Rab1 Qa5 28.Qd3 Nc5 29.Rb8+ Kg7
30.Rb5 Nxd3 31.Rxa5 Bxa5 32.cxd3 h5 33.a4 c5 34.Rb1 Bb4 35.Kf3 Kf6 36.Ra1 Ba5
37.Rh1 Ke5 38.Ke3 d5 39.Rb1 Bb4 40.f4+ Ke6 41.Rf1 Kd6 42.e5+ Ke6 43.Ra1 Ba5
44.Rb1 Bb4 45.d4 Kf5 46.Rxb4  1-0

[Event "18th Open"]
[Site "Skopje MKD"]
[Date "2002.01.19"]
[Round "5"]
[White "Gicev,B"]
[Black "Gorgieski,D"]
[Result "1-0"]
[WhiteElo "2336"]
[BlackElo "2240"]

1.e4 g6 2.d4 Bg7 3.Nc3 d6 4.h3 Nf6 5.Be3 O-O 6.Nf3 Na6 7.Qd2 c5 8.O-O-O cxd4
9.Nxd4 Nc5 10.f3 a6 11.h4 b5 12.h5 b4 13.Nd5 Nxd5 14.exd5 e5 15.Nc6 Qc7 16.Qxb4 a5
17.Qh4 f6 18.hxg6 hxg6 19.Bxc5 dxc5 20.Bd3 f5 21.d6 Qxc6 22.Bc4+ Rf7 23.Qd8+ Bf8
24.Qf6 Ra7 25.Qh8+  1-0

[Event "Cup"]
[Site "Kali HUN"]
[Date "2002.01.20"]
[Round "5"]
[White "Czebe,A"]
[Black "Resika,N"]
[Result "0-1"]
[WhiteElo "2489"]
[BlackElo "2241"]

1.e4 g6 2.d4 Bg7 3.Nc3 d6 4.f4 Nf6 5.Nf3 c5 6.Bb5+ Bd7 7.e5 Ng4 8.e6 fxe6
9.Ng5 Bxb5 10.Qxg4 Bc4 11.dxc5 Bxc3+ 12.bxc3 Qa5 13.Rb1 Qxc5 14.Nxe6 Qc8
15.f5 Bxe6 16.fxe6 O-O 17.Kd1 Nc6 18.Bh6 Rf5 19.Re1 Ne5 20.Qd4 Qc6 21.Kc1 Qxg2
22.Kb2 Rc8 23.Rg1 Qh3  0-1

[Event "TSGM January"]
[Site "Novi Sad YUG"]
[Date "2002.01.20"]
[Round "2"]
[White "Deglmann,L"]
[Black "Popchev,M"]
[Result "0-1"]
[WhiteElo "2279"]
[BlackElo "2448"]

1.d4 d6 2.e4 g6 3.Nc3 Bg7 4.Be3 Nd7 5.Nf3 c6 6.a4 Ngf6 7.h3 O-O 8.Be2 e5
9.dxe5 dxe5 10.Bc4 Qe7 11.Qe2 Nc5 12.Nd2 Nh5 13.Nb3 Ne6 14.Bxe6 Qxe6 15.Nc5 Qe7
16.Nd3 b6 17.g4 Nf4 18.Nxf4 exf4 19.Bxf4 Qb4 20.Bd2 Qxb2 21.Ra2 Qb4 22.e5 Be6
23.Ra1 Bc4 24.Qe4 Bxe5 25.Rb1 Qc5  0-1

[Event "90th LSK Metalka Trgovina"]
[Site "Ljubljana SLO"]
[Date "2002.01.21"]
[Round "3"]
[White "Sveshnikov,E"]
[Black "Volokitin,A"]
[Result "1/2-1/2"]
[WhiteElo "2565"]
[BlackElo "2586"]

1.e4 g6 2.d4 Bg7 3.Nc3 d6 4.Be3 Nf6 5.f3 c6 6.Qd2 b5 7.g4 h6 8.O-O-O Nbd7
9.Nh3 Rb8 10.g5 hxg5 11.Nxg5 Qa5 12.Kb1 Nh7 13.Nxh7 Rxh7 14.Ne2 Qxd2 15.Rxd2 Nb6
16.b3 Bh3 17.Ng3 Kd7 18.Bd3 Nc4 19.Bxc4 bxc4 20.Kc1 cxb3 21.axb3 a5 22.Kd1 Be6
23.Ne2 f5 24.h4 Bf6  1/2-1/2

[Event "18th Open"]
[Site "Skopje MKD"]
[Date "2002.01.21"]
[Round "7"]
[White "Paramos Dominguez,R"]
[Black "Bogdanovski,V"]
[Result "1/2-1/2"]
[WhiteElo "2381"]
[BlackElo "2435"]

1.e4 d6 2.d4 g6 3.Nc3 Bg7 4.f4 Nf6 5.Nf3 O-O 6.Bd3 Na6 7.O-O c5 8.d5 Bg4
9.Bc4 Nc7 10.h3 Bxf3 11.Qxf3 a6 12.a4 b6 13.Qd3 e6 14.dxe6 fxe6 15.Be3 Qe7
16.e5 Nfe8 17.exd6 Nxd6 18.Ne4 Nxc4 19.Qxc4 Nd5 20.Bc1 b5 21.Qe2 b4 22.Rb1 Qc7
23.Qc4 Qc6 24.Kh1 Qxa4 25.Qxc5 Rac8 26.Qd6 Rc6 27.Qd7 Nb6 28.Qb7 Qxc2 29.Re1 Nd5
30.Bd2 Rb6 31.Qd7 Qc6 32.Qxc6 Rxc6 33.Ng5 Re8 34.Re4 a5 35.Ra1 Rc2 36.Be1 h6
37.Nf3 Rc5 38.Bf2 Rb5 39.Nd4 Bxd4 40.Bxd4 Kf7 41.Rc1 b3 42.Rc6 Rb4 43.Ra6 a4
44.g4 Re7 45.Kg2 Nf6 46.Bxf6 Rxe4 47.Bxe7 Kxe7 48.Kf3 Rc4 49.f5 gxf5 50.gxf5 exf5
51.Rxh6 Kd7 52.Rf6 Rc5 53.Ra6 Rc4 54.Rf6 f4 55.Ra6 Kc7 56.Kg4 Kd7 57.Kf3 Rd4
58.Kg4 Ke7 59.h4 f3+ 60.Kxf3 Rxh4 61.Ke3 Kd7 62.Kd3 Kc7 63.Kc3 Kb7 64.Rg6 Rh2
65.Kb4 Rxb2 66.Kxa4 Rb1 67.Ka3  1/2-1/2

[Event "Cup"]
[Site "Kali HUN"]
[Date "2002.01.23"]
[Round "8"]
[White "Kosztolanczi,G"]
[Black "Resika,N"]
[Result "0-1"]
[WhiteElo "2192"]
[BlackElo "2241"]

1.e4 d6 2.d4 g6 3.Nc3 Bg7 4.f4 a6 5.Nf3 Nd7 6.Bc4 e6 7.a4 d5 8.exd5 Nb6 9.Qe2 Nxc4
10.Qxc4 Ne7 11.dxe6 Bxe6 12.Qe2 O-O 13.O-O Bxd4+ 14.Nxd4 Qxd4+ 15.Be3 Qc4
16.Qf2 Nf5 17.Bc5 Rfd8 18.a5 Bd7 19.Rfe1 Bc6 20.Nd1 Re8 21.Be3 Rad8 22.Ra3 Qd5
23.h3 h5 24.Rd3 Qxa5 25.Rxd8 Rxd8 26.Bc1  0-1

[Event "39th BPCL ch-IND"]
[Site "Nagpur IND"]
[Date "2002.01.27"]
[Round "11"]
[White "Swathi,G"]
[Black "Koshy,V"]
[Result "1-0"]
[WhiteElo "2362"]
[BlackElo "2347"]

1.e4 d6 2.d4 g6 3.Nc3 Bg7 4.Be3 c6 5.Qd2 Nd7 6.f3 b5 7.a4 b4 8.Nd1 a5 9.c3 bxc3
10.bxc3 Ngf6 11.Bh6 Bxh6 12.Qxh6 e5 13.Bd3 Qe7 14.Ne2 Ng8 15.Qe3 Ngf6 16.Qh6 Ng8
17.Qe3 Ngf6 18.O-O O-O 19.f4 Kg7 20.Ng3 h6 21.Qf3 Nb6 22.Ne3 Bd7 23.Ra2 Ng8
24.f5 Nf6 25.Rb1 Rfb8 26.Ng4 Bc8 27.Rf1 Nbd7 28.fxg6 fxg6 29.Raf2 Nxg4 30.Qxg4 Nf6
31.Qf3 Nh7 32.Qf7+ Qxf7 33.Rxf7+ Kh8 34.dxe5 dxe5 35.Re7 Ba6 36.Bxa6 Rxa6
37.h4 h5 38.Rff7 Nf8 39.Rxe5 Kg8 40.Rc7 Rd8 41.Ne2 Rd7 42.Rc8 Kf7 43.Nd4 Rd6
44.Ree8 Ne6 45.e5 Rxd4 46.cxd4 Nxd4 47.Red8 Nf5 48.Rc7+ Ke6 49.Re8+ Kd5 50.e6 Nd6
51.Rd7 c5 52.e7 Ke6 53.Red8 Ne8 54.Rb7 Kf7 55.Rbb8  1-0

[Event "7th HIT Open"]
[Site "Nova Gorica SLO"]
[Date "2002.01.31"]
[Round "1"]
[White "Varini,M"]
[Black "Sermek,D"]
[Result "0-1"]
[WhiteElo "2084"]
[BlackElo "2595"]

1.e4 g6 2.d4 Bg7 3.Nc3 d6 4.Bc4 a6 5.a4 Nd7 6.Nf3 e6 7.Bg5 Ne7 8.O-O h6 9.Bh4 O-O
10.a5 b5 11.axb6 cxb6 12.Qe2 Bb7 13.Bxa6 Rxa6 14.Rxa6 Bxa6 15.Qxa6 g5 16.Bg3 g4
17.Nd2 Bxd4 18.Qe2 Nf6 19.e5 dxe5 20.Nce4 Nxe4 21.Nxe4 f5 22.c3 Qd5 23.cxd4 Qxe4
24.Qxe4 fxe4 25.Bxe5 Rc8 26.Bf4 Rc2 27.h3 gxh3 28.gxh3 Rxb2 29.Re1 h5 30.Rxe4 Kf7
31.Bg5 Nd5 32.Re5 b5 33.Be3 b4 34.Rxh5 Kg7 35.Rg5+ Kf6 36.Rg8 Kf5 37.h4 b3
38.h5 Rc2 39.h6 b2 40.Rf8+ Kg6 41.Rg8+ Kh7 42.Rg7+ Kh8 43.Rb7 Rc1+ 44.Kg2 b1=Q
45.Rxb1 Rxb1 46.Kf3 Rh1 47.Bg5 Kh7 48.Ke4 Kg6 49.f4 Re1+ 50.Kd3 Re3+ 51.Kd2 Rh3
52.Ke2 Ne3 53.Kd3 Nf5+ 54.Kc4 Rh1 55.Kc5 Rc1+ 56.Kb6 Rc4 57.h7 Kxh7 58.Bf6 Kg6
59.Be5 Nxd4  0-1

[Event "7th HIT Open"]
[Site "Nova Gorica SLO"]
[Date "2002.02.01"]
[Round "2"]
[White "Stajner,S"]
[Black "Miele,R"]
[Result "0-1"]
[WhiteElo "2089"]
[BlackElo "2000"]

1.e4 d6 2.d4 g6 3.Nc3 Bg7 4.Be3 Nf6 5.f3 O-O 6.Qd2 e5 7.O-O-O exd4 8.Bxd4 Nc6
9.Be3 Re8 10.g4 a6 11.Bh6 Bh8 12.h4 Be6 13.h5 Ne5 14.hxg6 fxg6 15.Bg5 Qd7
16.Qh2 Qf7 17.Be2 b5 18.a3 Reb8 19.Nd5 Bxd5 20.exd5 Nc4 21.Bxc4 bxc4 22.c3 Rb5
23.Qf4 Rab8 24.Rd2 Re8 25.Bxf6 Re1+ 26.Kc2 Bxf6 27.Qh6 Qe7 28.Rd1 Rxd1 29.Kxd1 Rxb2
30.Qc1 Rf2 31.Qf4 Bxc3 32.Qe4 Rf1+ 33.Kc2 Qxe4+ 34.fxe4 Bd4 35.Ne2 Rxh1 36.Nxd4 Rh2+
37.Kc3 h5 38.gxh5 gxh5 39.Ne6 h4 40.Kxc4 h3 41.Nf4  0-1

[Event "TCh-ISR"]
[Site "ISR"]
[Date "2002.02.02"]
[Round "4"]
[White "Livshits,G"]
[Black "Tseitlin,Ma"]
[Result "1-0"]
[WhiteElo "2351"]
[BlackElo "2486"]

1.e4 g6 2.d4 d6 3.Nc3 Bg7 4.f4 Nd7 5.Nf3 a6 6.Bc4 e6 7.f5 Nb6 8.fxe6 Nxc4
9.exf7+ Kxf7 10.O-O Nf6 11.e5 dxe5 12.Qe2 b5 13.dxe5 Re8 14.Bg5 Bb7 15.Rad1 Qc8
16.Bxf6 Bxf6 17.Qf2 Qf5 18.exf6 Ne3 19.Qh4 Nxf1 20.Ng5+ Kxf6 21.Rxf1 Re5
22.Rxf5+ Rxf5 23.Nce4+  1-0

[Event "39th BPCL ch-IND"]
[Site "Nagpur IND"]
[Date "2002.02.02"]
[Round "17"]
[White "Mahesh Chandran,P"]
[Black "Koshy,V"]
[Result "1/2-1/2"]
[WhiteElo "2436"]
[BlackElo "2347"]

1.e4 d6 2.d4 g6 3.Nc3 Bg7 4.Be3 c6 5.Qd2 Nd7 6.f3 b5 7.Bd3 a6 8.Nh3 e5 9.dxe5 dxe5
10.a4 Bb7 11.O-O Ngf6 12.Rfd1 O-O 13.Bf1 Re8 14.Nf2 Bf8 15.Nd3 Qc7 16.Qf2 Be7
17.Kh1 Rac8 18.Rd2 Ra8 19.Rad1 Bc8 20.b3 Qa5 21.Ne2 Qc7 22.Nc5 Nxc5 23.Bxc5 Nd7
24.Bxe7 Rxe7 25.Nc3 b4 26.Ne2 a5 27.Ng3 Nf8 28.Rd8 Bb7 29.Rxa8 Bxa8 30.Bc4 Bb7
31.Qc5 Re8 32.Nf1 Nd7 33.Qf2 Nb6 34.Ne3 Bc8 35.Kg1 Rd8 36.Qe2 Rd4 37.Rxd4 exd4
38.Nd1 Qf4 39.Bd3 Be6 40.g3 Qc1 41.Kg2 c5 42.Bb5 Qa1 43.Nf2 c4 44.bxc4 Nxa4
45.Qd2 Nb6 46.Qf4 Nxc4 47.Bxc4 Bxc4 48.Qb8+ Kg7 49.Qe5+ Kg8 50.Qb8+ Kg7 51.Qe5+  1/2-1/2

[Event "P&V Masters"]
[Site "Cannes FRA"]
[Date "2002.02.05"]
[Round "2"]
[White "Leygue,D"]
[Black "Acher,M"]
[Result "1-0"]
[WhiteElo "2251"]
[BlackElo "2293"]

1.e4 g6 2.d4 Bg7 3.Nc3 d6 4.Nf3 c6 5.Be3 Nd7 6.Qd2 Qc7 7.Bd3 e5 8.dxe5 dxe5
9.h4 h5 10.Ng5 Ngf6 11.f3 O-O 12.O-O-O b5 13.g4 Rb8 14.Rdg1 b4 15.Ne2 c5
16.c4 bxc3 17.Nxc3 c4 18.Be2 Bb7 19.gxh5 Nxh5 20.Rd1 Ndf6 21.Qd6 Qxd6 22.Rxd6 Ng3
23.Rhd1 Rfc8 24.Bxa7 Ra8 25.Bb6 Nxe2+ 26.Nxe2 Rxa2 27.Rd8+ Bf8 28.Rxc8 Bxc8
29.Rd8 Ra8 30.Bc5 Bb7 31.Rxa8 Bxa8 32.Bxf8 Kxf8 33.Kd2 Nd7 34.Kc3 Bb7 35.Kb4 Ke7
36.Nc3 f6 37.Nh3 Nb8 38.Kxc4 Nc6 39.b4 Nd4 40.f4 Nf3 41.fxe5 Nxe5+ 42.Kc5 Nf3
43.Nd5+ Kf7 44.Kb6 Bc8 45.Nhf4 Nd2 46.Nc3 f5 47.Kc7 Ba6 48.e5 Bc4 49.Kd7 Nf3
50.e6+ Bxe6+ 51.Nxe6 Nxh4 52.b5 Nf3 53.Nd8+ Kf6 54.Nd5+ Ke5 55.b6  1-0

[Event "Aeroflot Open"]
[Site "Moscow RUS"]
[Date "2002.02.05"]
[Round "1"]
[White "Vokarev,S"]
[Black "Tkachiev,V"]
[Result "0-1"]
[WhiteElo "2507"]
[BlackElo "2634"]

1.e4 g6 2.d4 Bg7 3.Nc3 d6 4.g3 Nf6 5.Bg2 O-O 6.Nge2 Nbd7 7.h3 Rb8 8.a4 c5
9.dxc5 Nxc5 10.O-O b6 11.Nf4 e6 12.Nd3 Bb7 13.Re1 Qe7 14.Bf4 Nh5 15.Bd2 a6
16.Nxc5 bxc5 17.Rb1 Bc6 18.g4 Nf6 19.Bg5 Qc7 20.Qd3 Rfc8 21.Qf3 Nd7  0-1

[Event "Aeroflot Open"]
[Site "Moscow RUS"]
[Date "2002.02.05"]
[Round "2"]
[White "Sveshnikov,E"]
[Black "Inarkiev,E"]
[Result "1-0"]
[WhiteElo "2565"]
[BlackElo "2500"]

1.e4 g6 2.d4 Bg7 3.Nc3 d6 4.Be3 a6 5.f3 Nd7 6.Qd2 b5 7.Nh3 Bb7 8.O-O-O Rc8
9.Nf2 c5 10.dxc5 dxc5 11.Kb1 Bc6 12.Be2 b4 13.Nd5 e6 14.Nf4 Qf6 15.Qc1 Bb5
16.Rd6 Qe7 17.Rhd1 c4 18.N4h3 Ngf6 19.Bh6 O-O 20.Bxg7 Kxg7 21.f4 Ne8 22.R6d4 e5
23.fxe5 Nxe5 24.Nf4 Qc5 25.Ng4 Nxg4 26.Bxg4 Rb8 27.Nd5 Qd6 28.Qe3 Nf6 29.e5 Nxd5
30.Rxd5 Qb6 31.Qf4 b3 32.cxb3 cxb3 33.axb3 Bc6 34.R5d3 Bxg2 35.Rg3 Bc6 36.Rd4 Kg8
37.Bd7 Qb7 38.e6 Bd5 39.e7 Rfe8 40.Bxe8 Rxe8 41.Rgd3 Be6 42.Rd8 Qxe7 43.Qb8 Rxd8
44.Qxd8+ Qxd8 45.Rxd8+ Kg7 46.Rd6 Bc8 47.Kc2 g5 48.b4 h5 49.Kd2 h4 50.Ke3 g4
51.Kf4 Kh7 52.Rc6 Bb7 53.Rc7 g3 54.hxg3 h3 55.Rc5 Kg6 56.Rg5+ Kf6 57.Rh5 Bg2
58.g4 Bf1 59.Kg3 Kg6 60.Rf5 Bd3 61.Rf3 Be2 62.Rf2 Bc4 63.Kxh3 f6 64.Kg3 Kg5
65.Rf5+ Kg6 66.Kf4 Bd3 67.Rd5 Bc4 68.Rd6  1-0

[Event "7th HIT Open"]
[Site "Nova Gorica SLO"]
[Date "2002.02.05"]
[Round "6"]
[White "Sermek,D"]
[Black "Nevednichy,V"]
[Result "1-0"]
[WhiteElo "2595"]
[BlackElo "2569"]

1.e4 d6 2.d4 g6 3.Nc3 Bg7 4.g3 Nf6 5.Bg2 O-O 6.Nge2 e5 7.h3 Nc6 8.Be3 exd4
9.Nxd4 Bd7 10.O-O Re8 11.Re1 a6 12.a4 Nb4 13.Qd2 c5 14.Nb3 Bc6 15.Bf4 Nh5
16.Bxd6 Nxc2 17.Qxc2 Qxd6 18.Rad1 Qe5 19.Na5 Qc7 20.Nxc6 bxc6 21.Ne2 Rab8
22.b3 Rb4 23.Qxc5 Rxb3 24.Nd4 Bxd4 25.Rxd4 Ng7 26.Rd6 Rb6 27.e5 Ne6 28.Rxc6 Rxc6
29.Qxc6 Qxc6 30.Bxc6 Rc8 31.Bd7 Rc4 32.Rb1 Re4 33.Bxe6 fxe6 34.Rb6 Rxa4 35.Rxe6 Kf7
36.Rf6+ Kg7 37.Kg2 Ra5 38.f4 Ra3 39.Rd6 h5 40.Rd7+ Kf8 41.h4 a5 42.Ra7 a4
43.Kf2 Ra1 44.f5 gxf5 45.Ke3 Rf1 46.Rxa4 Ke7 47.Ra6 Re1+ 48.Kf4 Rf1+ 49.Kg5 Rf3
50.Rh6 Rxg3+ 51.Kxf5 Rf3+ 52.Ke4 Rf1 53.Rxh5 Ke6 54.Rh6+ Kf7 55.h5 Re1+ 56.Kd5 Rd1+
57.Kc6 Re1 58.Rf6+ Ke7 59.Kd5 Rd1+ 60.Ke4 Rh1 61.h6 Rh5 62.Ra6 Kf7 63.Kd5 Rh1
64.Ra7+ Kg8 65.e6 Rd1+ 66.Kc6 Rc1+ 67.Kd7 Rd1+ 68.Kc8 Re1 69.e7 Kf7 70.Kd8  1-0

[Event "7th HIT Open"]
[Site "Nova Gorica SLO"]
[Date "2002.02.06"]
[Round "7"]
[White "Varini,M"]
[Black "Miele,R"]
[Result "1-0"]
[WhiteElo "2084"]
[BlackElo "2000"]

1.e4 g6 2.d4 d6 3.Nc3 Bg7 4.Nf3 Nf6 5.h3 a6 6.a4 O-O 7.Bc4 Nc6 8.O-O e5 9.dxe5 Nxe5
10.Nxe5 dxe5 11.Qe2 Qe7 12.Bg5 c6 13.a5 Be6 14.Rfd1 Rfd8 15.Be3 Bxc4 16.Qxc4 Rxd1+
17.Rxd1 Rd8 18.Rxd8+ Qxd8 19.Qb4 Qd7 20.Qb6 Bf8 21.Qa7 Kg7 22.Qa8 Bb4 23.Qb8 Bxc3
24.bxc3 Qd1+ 25.Kh2 Qxc2 26.Qxe5 Qxe4 27.Qg5 Qf5 28.Qh6+ Kg8 29.Bd4 Qh5 30.Qf4 Qf5
31.Qxf5  1-0

[Event "13th Asian Cities"]
[Site "Aden YEM"]
[Date "2002.02.07"]
[Round "1"]
[White "Senador,E"]
[Black "Al Kailani,Z"]
[Result "1-0"]
[WhiteElo "2440"]
[BlackElo "2095"]

1.e4 g6 2.d4 Bg7 3.Nc3 d6 4.f4 Nc6 5.Be3 Nf6 6.Nf3 O-O 7.e5 dxe5 8.dxe5 Ng4
9.Bg1 Nh6 10.h3 b6 11.Bb5 Bb7 12.Qe2 e6 13.Bf2 a6 14.Bd3 Nb4 15.O-O-O Nxd3+
16.Rxd3 Qe7 17.Rhd1 Bc6 18.g4 f6 19.Nd4 Bd5 20.exf6 Qxf6 21.g5 Qxf4+ 22.Be3 Qh4
23.Nxd5 exd5 24.gxh6 Bxh6 25.Bxh6 Qxh6+ 26.Kb1 Rae8 27.Qg2 Qh5 28.Nc6 Re2
29.Qxd5+ Qxd5 30.Rxd5 Rff2 31.Nd4 Rd2 32.Kc1  1-0

[Event "Aeroflot Open"]
[Site "Moscow RUS"]
[Date "2002.02.07"]
[Round "5"]
[White "Sadvakasov,D"]
[Black "Lugovoi,A"]
[Result "1/2-1/2"]
[WhiteElo "2555"]
[BlackElo "2510"]

1.e4 d6 2.d4 g6 3.Nc3 Bg7 4.f4 Nf6 5.Nf3 O-O 6.Bd3 Na6 7.O-O c5 8.d5 Rb8
9.Kh1 Bg4 10.a3 Nc7 11.Qe1 b5 12.Qh4 c4 13.Be2 e6 14.f5 exf5 15.exf5 Bxf5
16.Bg5 Re8 17.Rae1 h6 18.Bxh6 Ne4 19.Ng5 Bxh6 20.Ncxe4 Kg7 21.Rxf5 gxf5 22.Qg3 Qe7
23.Ne6+ Kh7 24.N4g5+ Kh8 25.Qh4 fxe6 26.Qxh6+ Kg8 27.Bh5 Qg7 28.Bf7+ Kf8
29.Qxg7+ Kxg7 30.Bxe8 Rxe8 31.dxe6 Kf6 32.h4 d5 33.Kg1 d4 34.Nf3 Rxe6 35.Rd1 d3
36.cxd3 Rd6 37.Kf2 Ne6 38.d4 Nf4 39.Rd2 Nd3+ 40.Kf1 a5 41.g3 b4 42.axb4 axb4
43.Rc2 c3 44.bxc3 b3 45.Rd2 b2 46.Rd1 Rc6 47.Nd2 Rxc3 48.Rb1 Kg6 49.Ke2 Nc1+
50.Kd1 Nd3 51.Ke2 Nc1+ 52.Kd1 Nd3 53.d5 Rc5 54.d6 Rd5 55.Ke2 Rxd6 56.Nc4 Rd4
57.Nxb2 Nxb2 58.Rxb2 Ra4 59.Rb3 Rc4 60.Kf3 Ra4 61.Rb8 Ra3+ 62.Kg2 Ra2+ 63.Kh3 Ra3
64.Rg8+ Kf7  1/2-1/2

[Event "7th HIT Open"]
[Site "Nova Gorica SLO"]
[Date "2002.02.07"]
[Round "8"]
[White "Fercec,N"]
[Black "Nevednichy,V"]
[Result "1/2-1/2"]
[WhiteElo "2438"]
[BlackElo "2569"]

1.e4 g6 2.d4 Bg7 3.Nc3 d6 4.Be3 a6 5.Nf3 e6 6.Qd2 h6 7.Bd3 b6 8.O-O-O Nd7
9.e5 d5 10.Ne2 Ne7 11.Nf4 Bb7 12.h4 c5 13.c3 c4 14.Bc2 b5 15.Rh3 Qb6 16.Rg3 Bf8
17.Re1 a5 18.Kd1 b4 19.a3 bxa3 20.bxa3 Nf5 21.Rh3 Bxa3 22.Ke2 Bc6 23.Ra1 Bf8
24.Rhh1 a4 25.Rhb1 Qd8 26.g3 a3 27.Qd1 Nxe3 28.fxe3 Rg8 29.Nd2 g5 30.hxg5 hxg5
31.Nh5 Qa5 32.Rc1 Rh8 33.Qh1 Rh6 34.Qf3 g4 35.Qxg4 Qxc3 36.Bh7 Qa5 37.Bg8 c3
38.Nf3 Rg6 39.Bxf7+ Kxf7 40.Ng5+ Rxg5 41.Qxg5 Bb5+ 42.Kf2 Qd8 43.Qg4 Bd3
44.Nf4 Bf5 45.Qh5+ Kg8 46.Nxe6 Bxe6 47.Qg6+ Bg7 48.Qxe6+ Kf8 49.Kg2 Qe7 50.Rf1+ Bf6
51.Qxd5 Rb8 52.Rf2 Rb2 53.Qa8+ Kg7 54.Qxa3 Bg5 55.Qxe7+ Bxe7 56.Ra7 Rxf2+
57.Kxf2 c2 58.Rc7  1/2-1/2

[Event "13th Asian Cities"]
[Site "Aden YEM"]
[Date "2002.02.08"]
[Round "2"]
[White "Al Kailani,Z"]
[Black "Edirisinghe,D"]
[Result "1-0"]
[WhiteElo "2095"]
[BlackElo "2200"]

1.e4 g6 2.d4 Bg7 3.Nc3 d6 4.Nf3 Nf6 5.Be2 O-O 6.O-O c5 7.d5 a6 8.a4 Bg4 9.h3 Bxf3
10.Bxf3 Nbd7 11.a5 Qc7 12.Be2 Ne8 13.Bg5 Ndf6 14.Qd2 b5 15.axb6 Qxb6 16.Ra2 Nc7
17.Bh6 e6 18.Bxg7 Kxg7 19.Rfa1 exd5 20.exd5 Rfe8 21.Bf3 Re5 22.Na4 Qa7 23.c4 Rb8
24.Nc3 Qb6 25.Re1 Rxe1+ 26.Qxe1 Re8 27.Qd2 Qb3 28.Bd1 Qxc4 29.Ra4 Ne4 30.Nxe4 Qxd5
31.Qxd5 Nxd5 32.Kf1 Nb4 33.Bf3 Nd3 34.Ra1 d5 35.Nd6 Re6 36.Nb7 d4 37.Be2 Nxb2
38.Nxc5 Re5 39.Nd3 Nxd3 40.Bxd3 a5 41.Ra4 Rd5 42.Ke2 Kf6 43.Bc4 Rc5 44.Kd3 Ke5
45.Ra1 f5 46.Re1+ Kf6 47.Kxd4 Rc7 48.f4 Ra7 49.Re6+ Kg7 50.Ra6 Rxa6 51.Bxa6 Kf6
52.h4 h6 53.Bb5 g5 54.g3 gxh4 55.gxh4 Ke6 56.Ba4 Kd6 57.Bb3  1-0

[Event "Aeroflot Open"]
[Site "Moscow RUS"]
[Date "2002.02.08"]
[Round "6"]
[White "Yagupov,I"]
[Black "Korotylev,A"]
[Result "1-0"]
[WhiteElo "2466"]
[BlackElo "2564"]

1.e4 d6 2.d4 g6 3.Nc3 Bg7 4.Be3 a6 5.f4 b5 6.Be2 Bb7 7.Bf3 Qc8 8.e5 Nd7 9.Nh3 e6
10.d5 exd5 11.exd6 Ngf6 12.Nxd5 Nxd5 13.Bxd5 O-O 14.c3 Re8 15.Bxf7+ Kxf7
16.Ng5+ Kf8 17.Qb3 Rxe3+ 18.Kf2 Re2+ 19.Kxe2 Qe8+ 20.Kf2 Nf6 21.Rhe1 Ne4+
22.Rxe4  1-0

[Event "7th HIT Open"]
[Site "Nova Gorica SLO"]
[Date "2002.02.08"]
[Round "9"]
[White "Nikolic,Stank"]
[Black "Miele,R"]
[Result "1-0"]
[WhiteElo "2041"]
[BlackElo "2000"]

1.e4 d6 2.d4 g6 3.Nc3 Bg7 4.Be3 Nf6 5.f3 Nbd7 6.g4 c5 7.Nge2 a6 8.Ng3 cxd4
9.Bxd4 h6 10.Qd2 b5 11.O-O-O Bb7 12.Kb1 Qc7 13.Qf2 Rc8 14.Bd3 Nc5 15.Rc1 b4
16.Nce2 a5 17.h4 e5 18.Be3 a4 19.g5 hxg5 20.hxg5 Rxh1 21.Nxh1 Nfd7 22.Bb5 Qa5
23.Bxc5 Rxc5 24.Bd3 Ba6 25.Bxa6 Qxa6 26.Nhg3 b3 27.Qe3 Nb6 28.cxb3 axb3 29.Qxb3 Rxc1+
30.Nxc1 Nc4 31.Qd3 Qc6 32.Nge2 f6 33.gxf6 Bxf6 34.Nc3 Bg5 35.Nb3 Ke7 36.a4 Ke6
37.Nb5 Be7 38.N3d4+ exd4 39.Nxd4+  1-0

[Event "13th Asian Cities"]
[Site "Aden YEM"]
[Date "2002.02.09"]
[Round "3"]
[White "Janahi,Z"]
[Black "Al Kailani,Z"]
[Result "1-0"]
[WhiteElo "2166"]
[BlackElo "2095"]

1.e4 g6 2.d4 Bg7 3.Nc3 d6 4.Bg5 c5 5.dxc5 Qa5 6.Bd2 Qxc5 7.Nd5 Bd7 8.Bb4 Qc8
9.Bc3 Bxc3+ 10.Nxc3 Nf6 11.Nf3 Nc6 12.Be2 a6 13.a4 Rb8 14.O-O O-O 15.Qd2 Kg7
16.Rfe1 Rd8 17.Bf1 Bg4 18.Qf4 e5 19.Qe3 Bxf3 20.Qxf3 Nd4 21.Qd1 b5 22.axb5 axb5
23.Ne2 Ne6 24.Ng3 Qc7 25.Ra3 b4 26.Rd3 Nc5 27.Rd2 h5 28.Bd3 h4 29.Nf1 Qc6
30.f3 b3 31.c3 Nh5 32.Ne3 Nxd3 33.Rxd3 Nf4 34.Rd2 Qc5 35.Kh1 h3 36.g3 Ne6
37.Qe2 Ra8 38.Red1 Ng5 39.Rd5 Qc6 40.Ng4 f6 41.Kg1 Nf7 42.Ne3 Qb6 43.Qf2 Qc6
44.Qf1 Ra2 45.R5d2 Qc5 46.Qf2 Rc8 47.Nd5 Ng5 48.Kf1 Qc4+ 49.Kg1 Qc5 50.Kf1 Qb5+
51.Qe2 Qxe2+ 52.Kxe2 Nf7 53.Nb4 Ra4 54.g4 Rh8 55.Kd3 f5 56.gxf5 gxf5 57.Rg1+ Kf8
58.Kc4 fxe4 59.fxe4 Rh4 60.Kxb3 Ra8 61.Re2 Ra7 62.Kc4 Ke7 63.Nc6+ Ke6 64.Nxa7 d5+
65.Kc5 dxe4 66.Nc6 Rf4 67.Rg6+ Kd7 68.Rd2+ Kc7 69.Re6 e3 70.Re7+ Kc8 71.Rdd7  1-0